Punk : (Record no. 1354)
[ view plain ]
| 000 -LEADER | |
|---|---|
| fixed length control field | 01202cam a2200349 a 4500 |
| 005 - DATE AND TIME OF LATEST TRANSACTION | |
| control field | 20260322212057.0 |
| 008 - FIXED-LENGTH DATA ELEMENTS--GENERAL INFORMATION | |
| fixed length control field | data |
| 010 ## - LIBRARY OF CONGRESS CONTROL NUMBER | |
| LC control number | 2008564625 |
| 020 ## - INTERNATIONAL STANDARD BOOK NUMBER | |
| International Standard Book Number | 9780756636692 (pbk.) |
| 020 ## - INTERNATIONAL STANDARD BOOK NUMBER | |
| International Standard Book Number | 0756636698 (pbk.) |
| 040 ## - CATALOGING SOURCE | |
| Original cataloging agency | BTCTA |
| Transcribing agency | BTCTA |
| Modifying agency | DLC |
| -- | GO4 |
| -- | DLC |
| 042 ## - AUTHENTICATION CODE | |
| Authentication code | lccopycat |
| 050 00 - LIBRARY OF CONGRESS CALL NUMBER | |
| Classification number | ML3534 |
| Item number | .P893 2008 |
| 092 ## - LOCALLY ASSIGNED DEWEY CALL NUMBER (OCLC) | |
| Classification number | 781.66 P893 2008 |
| 001 - CONTROL NUMBER | |
| control field | data |
| 245 00 - TITLE STATEMENT | |
| Title | Punk : |
| Remainder of title | the whole story / |
| Statement of responsibility, etc. | edited by Mark Blake, Debbie Harry & DK Publishing, Inc. |
| 260 ## - PUBLICATION, DISTRIBUTION, ETC. | |
| Place of publication, distribution, etc. | New York : |
| Name of publisher, distributor, etc. | DK Publishing, |
| Date of publication, distribution, etc. | 2008, c2006. |
| 300 ## - PHYSICAL DESCRIPTION | |
| Extent | 288 p. : |
| Other physical details | ill. (some col.) ; |
| Dimensions | 24 cm. |
| 500 ## - GENERAL NOTE | |
| General note | Includes index. |
| 500 ## - GENERAL NOTE | |
| General note | Originally published: 2006. |
| 500 ## - GENERAL NOTE | |
| General note | Statement of responsibility partially from cover. |
| 500 ## - GENERAL NOTE | |
| General note | "Taken from the archives of MOJO"--P. 5. |
| 650 #0 - SUBJECT ADDED ENTRY--TOPICAL TERM | |
| Topical term or geographic name entry element | Punk rock music |
| General subdivision | History and criticism. |
| 650 #0 - SUBJECT ADDED ENTRY--TOPICAL TERM | |
| Topical term or geographic name entry element | Punk rock musicians. |
| 700 1# - ADDED ENTRY--PERSONAL NAME | |
| Personal name | Blake, Mark, |
| Dates associated with a name | 1965- |
| 700 1# - ADDED ENTRY--PERSONAL NAME | |
| Personal name | Harry, Debbie |
| 710 2# - ADDED ENTRY--CORPORATE NAME | |
| Corporate name or jurisdiction name as entry element | DK Publishing, Inc. |
| 730 0# - ADDED ENTRY--UNIFORM TITLE | |
| Uniform title | Mojo. |
| 906 ## - LOCAL DATA ELEMENT F, LDF (RLIN) | |
| a | 7 |
| b | cbc |
| c | copycat |
| d | 3 |
| e | ncip |
| f | 20 |
| g | y-gencatlg |
| 925 0# - | |
| -- | acquire |
| -- | 2 shelf copies |
| -- | policy default |
| 955 ## - COPY-LEVEL INFORMATION (RLIN) | |
| -- | vk05 2008-10-22 to BCCD |
| Withdrawn status | Lost status | Damaged status | Not for loan | Home library | Current library | Shelving location | Date acquired | Total checkouts | Full call number | Barcode | Date last seen | Price effective from | Koha item type |
|---|---|---|---|---|---|---|---|---|---|---|---|---|---|
| Pleasant Valley | Pleasant Valley | General stacks | 22/03/2026 | ML3534 .P893 2008 | BC0011398 | 22/03/2026 | 22/03/2026 | Books |